000
nam a22 7a 4500
999
_c
329296
_d
329296
003
Nust
005
20170502143251.0
008
170502b xxu||||| |||| 00| 0 eng d
040
_c
DLC
082
_a
363.73874 NRC
245
_a
Informing Desisions in a Changing Climate
942
_2
ddc
_c
BK